00342pab a2200121 454500008004000000100002200040245005500062260000900117300001000126362000900136650004400145773003100189180718b1984 xxu||||| |||| 00| 0 eng d aCleland, David L. aGraduate management education for project managers c1984 a17-22 aAug. aProject Management - Study and Teaching aProject Management Journal